000 00639nam a2200193 i 4500
001 41803
003 ES-MaACL
005 20230906160509.0
007 t|
008 030311s1942 sp ||||1| spa d
080 _a806.0-3
100 1 _aCasares, Julio,
_d1877-1964
_936157
245 1 0 _aDiccionario ideológico de la lengua española :
_bdesde la idea a la palabra, desde la palabra a la idea /
_cJulio Casares.
260 _aBarcelona :
_bGustavo Gili,
_c1942 (
_fImp. Sadag)
300 _aLXXI, 1142 p. ;
_c24 cm.
650 4 _aLengua española-
_vDiccionarios.
_914137
852 4 _aES-MaACL
_jF-15477
999 _c41803
_d41803